Conferencias pedagógicosociales / (Record no. 46432)

MARC details
000 -LEADER
campo de control de longitud fija 00996nam a2200205 i 4500
001 - NÚMERO DE CONTROL
campo de control 46432
003 - IDENTIFICADOR DE NÚMERO DE CONTROL
campo de control ES-MaACL
005 - FECHA Y HORA DE LA ÚLTIMA TRANSACCIÓN
campo de control 20250715193451.0
007 - CAMPO FIJO DE DESCRIPCIÓN FÍSICA--INFORMACIÓN GENERAL
campo de control de longitud fija t|
008 - DATOS DE LONGITUD FIJA--INFORMACIÓN GENERAL
campo de control de longitud fija 030328s1918 sp |||| | spa d
245 00 - MENCIÓN DEL TÍTULO
Título Conferencias pedagógicosociales /
Mención de responsabilidad, etc. organizadas por la Escuela Española y dadas en el Centro de Defensa Social.
Número de parte o sección de la obra III.
260 ## - PUBLICACIÓN, DISTRIBUCIÓN, ETC.
Lugar de publicación, distribución, etc. Madrid :
Nombre del editor, distribuidor, etc. [s.n.],
Fecha de publicación, distribución, etc. 1918 (
Fabricante Imp. del Asilo de Huérfanos del S.C. de Jesús)
300 ## - DESCRIPCIÓN FÍSICA
Extensión 1 v. (220 p.) ;
Dimensiones 19 cm.
505 8# - NOTA DE CONTENIDO CON FORMATO
Nota de contenido con formato Contiene: III. 7ª ;
Título El maestro y la ciudadanía /
Mención de responsabilidad por D. Manuel Fernandez-Navamuel - 8ª. --
Título Las Juntas de Defensa como caso de patología social /
Mención de responsabilidad por D. Severino Aznar - 9ª. --
Título Las Juntas de Defensa como problema de política social /
Mención de responsabilidad por D. Severino Aznar
651 #4 - PUNTO DE ACCESO ADICIONAL DE MATERIA--NOMBRE GEOGRÁFICO
Nombre geográfico España-
Subdivisión general Política social-
Subdivisión cronológica 1902-1931.
9 (RLIN) 166143
700 1# - ENTRADA AGREGADA--NOMBRE PERSONAL
Nombre de persona Fernández y Fernández-Navamuel, Manuel.
9 (RLIN) 50178
700 1# - ENTRADA AGREGADA--NOMBRE PERSONAL
Nombre de persona Aznar, Severino,
Fechas asociadas al nombre 1870-1959
9 (RLIN) 24307
852 ## - LOCALIZACIÓN
Ubicación ES-MaACL
Número de control de estantería G-480
Holdings
Estatus retirado Estado de pérdida Estado de daño No para préstamo Biblioteca de origen Biblioteca actual Ubicación en estantería Fecha de adquisición Fuente de adquisición Total de préstamos Signatura topográfica completa Código de barras Visto por última vez Precio de reemplazo Tipo de ítem Koha
        Biblioteca del Ateneo de Madrid Biblioteca del Ateneo de Madrid Depósito 2 17/01/2008     G-480 1048833 23/02/2023 23/02/2023 Libro impreso